[Event "Aeroflot Open B 2017"]
[Site "Moscow RUS"]
[Date "2017.03.01"]
[Round "9.51"]
[White "Maltsevskaya, Aleksandra"]
[Black "Yandarbiev, Ruslan"]
[Result "1/2-1/2"]
[BlackTitle "IM"]
[WhiteElo "2259"]
[BlackElo "2311"]
[WhiteFideId "24174041"]
[BlackFideId "4115023"]
[EventDate "2017.02.21"]

1. e4 c5 2. Nf3 d6 3. d4 cxd4 4. Nxd4 Nf6 5. Nc3 a6 6. h3 e6 7. g4 Be7 8. g5
Nfd7 9. h4 b5 10. Be3 Bb7 11. a3 Nc6 12. Qd2 Rc8 13. Nxc6 Rxc6 14. O-O-O Qa5 15.
Kb1 Rxc3 16. bxc3 Bxe4 17. Rh3 Qxa3 18. Bd4 Bf5 19. Rg3 O-O 20. c4 Qa4 21. Bb2
b4 22. Bd3 Bxd3 23. Qxd3 Qc6 24. h5 e5 25. g6 fxg6 26. hxg6 h6 27. Qe2 Nb6 28.
Rg4 Na4 29. Qe3 Rf3 30. Qd2 b3 31. Qd5+ Qxd5 32. cxd5 bxc2+ 33. Kxc2 Rxf2+ 34.
Rd2 Rxd2+ 35. Kxd2 Nb6 36. Rb4 Nxd5 37. Rb8+ Bf8 38. Ba3 Nf4 39. Bxd6 Nxg6 40.
Ke3 Kf7 41. Bxf8 Nxf8 42. Ra8 Ke7 43. Ke4 Nd7 44. Ra7 h5 45. Kf5 Kd6 46. Rxa6+
Kd5 47. Ra7 Nc5 1/2-1/2

[Event "Aeroflot Open B 2017"]
[Site "Moscow RUS"]
[Date "2017.03.01"]
[Round "9.52"]
[White "Bogaudinov, Rushan"]
[Black "Levushkina, Elena"]
[Result "1/2-1/2"]
[BlackTitle "WGM"]
[WhiteElo "2241"]
[BlackElo "2306"]
[WhiteFideId "4129288"]
[BlackFideId "14200686"]
[EventDate "2017.02.21"]

1. e4 c5 2. Nc3 a6 3. g3 b5 4. Bg2 Bb7 5. d3 e6 6. Nge2 Nf6 7. O-O d6 8. f4 Qb6
9. Kh1 Nc6 10. Be3 Be7 11. h3 h5 12. f5 e5 13. Bg5 Nd4 14. Qd2 b4 15. Na4 Qb5
16. Bxf6 Bxf6 17. b3 a5 18. Nb2 Qc6 19. a3 Nxe2 20. Qxe2 h4 21. Qg4 Ke7 22. Ra2
hxg3 23. Qxg3 Qc7 24. Rfa1 Bc6 25. Nc4 Rhb8 26. Bf3 a4 27. axb4 Rxb4 28. Ne3
axb3 29. Rxa8 b2 30. R8a7 b1=Q+ 31. Kg2 Qxa7 32. Rxa7+ Rb7 33. Rxb7+ Bxb7 34. h4
Qc1 35. Qf2 Bc6 36. Kh3 Qb2 37. Qd2 Qb4 38. c3 Qb1 39. Bd1 Kf8 40. Ng4 Bd8 41.
h5 c4 42. h6 gxh6 43. Qxh6+ Ke8 44. Qxd6 Qxd3+ 45. Qxd3 cxd3 46. Nxe5 Bxe4 47.
Kg4 Bc7 48. Kf4 Bg2 49. f6 Bf1 50. Ba4+ Kd8 51. Bb3 d2 52. Bd1 Bd6 53. Ke4 Bg2+
54. Nf3 Kc7 55. Ke3 Bxf3 56. Kxf3 1/2-1/2

[Event "Aeroflot Open B 2017"]
[Site "Moscow RUS"]
[Date "2017.03.01"]
[Round "9.53"]
[White "Danielyan, Vahe"]
[Black "Spichkin, Alexander"]
[Result "1-0"]
[WhiteTitle "FM"]
[WhiteElo "2282"]
[BlackElo "2143"]
[WhiteFideId "13304828"]
[BlackFideId "4144074"]
[EventDate "2017.02.21"]

1. e4 g6 2. d4 Bg7 3. Nc3 d6 4. Be3 a6 5. h4 h6 6. a3 b5 7. Bd3 Bb7 8. Nf3 Nd7
9. Qd2 c5 10. O-O-O b4 11. Nb1 a5 12. e5 cxd4 13. Bxd4 Bxf3 14. gxf3 Bxe5 15.
Bxe5 Nxe5 16. Bb5+ Kf8 17. f4 Nd7 18. h5 gxh5 19. Rxh5 Ngf6 20. Rh3 Nc5 21. f5
Rc8 22. Rg1 e6 23. fxe6 Nxe6 24. axb4 Qb6 25. Rxh6 Rxh6 26. Qxh6+ Ke7 27. Bd3
axb4 28. Nd2 b3 29. Re1 d5 30. c3 Rg8 31. Qh2 Rg4 32. f4 Qb8 33. Nxb3 Qxb3 34.
f5 Ra4 35. fxe6 Ra1+ 36. Bb1 Qb6 37. exf7+ Kxf7 38. Qg3 Kf8 39. Rh1 Qe6 40. Qb8+
Kf7 41. Qc7+ Qe7 42. Qxe7+ Kxe7 43. b4 Kd6 44. Kb2 Ra7 45. Rf1 Ng4 46. Ba2 Re7
47. Rf4 Re2+ 48. Ka3 Ne3 49. Bb3 Ke5 50. Rf8 d4 51. Re8+ Kd6 52. Rd8+ Kc7 53.
Rxd4 Nf5 54. Rc4+ Kb6 55. Rf4 Nd6 56. c4 Kc6 57. Rh4 Re1 58. Rh6 Kc7 59. Rh7+
Kc8 60. b5 Rb1 61. Kb4 Ne4 62. Rh3 Nd2 63. c5 Kc7 64. Ka3 Rc1 65. Rh7+ Kb8 66.
Rh8+ Kc7 67. b6+ Kc6 68. Ba4+ Kb7 69. Rh7+ Kb8 70. c6 Nc4+ 71. Kb4 Nxb6 72. Rb7+
Ka8 73. Rxb6 Ka7 74. Rb7+ Ka8 75. Rg7 Kb8 76. Ka5 1-0

[Event "Aeroflot Open B 2017"]
[Site "Moscow RUS"]
[Date "2017.03.01"]
[Round "9.54"]
[White "Assaubayeva, Bibisara"]
[Black "Davtyan, Artur"]
[Result "1/2-1/2"]
[WhiteTitle "WFM"]
[BlackTitle "FM"]
[WhiteElo "2177"]
[BlackElo "2275"]
[WhiteFideId "13708694"]
[BlackFideId "13308327"]
[EventDate "2017.02.21"]

1. d4 Nf6 2. c4 e6 3. Nf3 b6 4. g3 Bb7 5. Bg2 g6 6. Nc3 Bg7 7. d5 d6 8. dxe6
fxe6 9. O-O Qe7 10. Bg5 O-O 11. Qd2 Nbd7 12. e4 h6 13. Bxh6 Nxe4 14. Nxe4 Bxe4
15. Nh4 Bxg2 16. Kxg2 Ne5 17. b3 Rae8 18. Bxg7 Qxg7 19. f4 Nd7 20. Nf3 e5 21.
fxe5 Nxe5 22. Nxe5 Rxe5 23. Rxf8+ Qxf8 24. Re1 Rf5 25. Qe3 Re5 26. Qd2 Rxe1 27.
Qxe1 Kg7 28. Qe6 Qd8 29. Kf3 a6 30. h4 Qf8+ 31. Kg4 Qf1 32. Qe7+ Kh6 33. Qe3+
Kg7 34. Qe7+ Kh6 35. Qe3+ 1/2-1/2

[Event "Aeroflot Open B 2017"]
[Site "Moscow RUS"]
[Date "2017.03.01"]
[Round "9.55"]
[White "Zherebtsova, Alexandra"]
[Black "Martynyuk, Elizaveta"]
[Result "1/2-1/2"]
[WhiteTitle "WFM"]
[BlackTitle "WFM"]
[WhiteElo "2186"]
[BlackElo "2169"]
[WhiteFideId "24129518"]
[BlackFideId "24128511"]
[EventDate "2017.02.21"]

1. d4 d5 2. Nf3 Nf6 3. Bf4 c6 4. e3 Bf5 5. Nbd2 e6 6. Be2 Bd6 7. Bg3 h6 8. Ne5
O-O 9. O-O Qc7 10. c4 Nbd7 11. Nxd7 Nxd7 12. Rc1 Bxg3 13. hxg3 Qa5 14. a3 Qb6
15. b4 a5 16. c5 Qc7 17. b5 e5 18. b6 Qb8 19. a4 Re8 20. Nb3 Bg6 21. Re1 exd4
22. exd4 Re4 23. Qd2 Qd8 24. Bf3 Rxe1+ 25. Rxe1 Kf8 26. Ra1 Qg5 27. Qc3 Be4 28.
Nxa5 Rb8 29. Nb3 Qf5 30. Nd2 Bd3 31. Bg4 Qxg4 32. Qxd3 Re8 33. a5 Nb8 34. Nf3 f6
35. Nh4 Re4 36. Rd1 Qe6 37. Ng6+ Kg8 38. Nf4 Qe7 39. Qc3 Na6 40. Nd3 Re2 41. Re1
Qe4 42. Kf1 Rxe1+ 43. Nxe1 Qb1 44. Kg1 Qd1 45. f3 Kf7 46. Kh2 Qe2 47. Nc2 Qb5
48. Ne3 g6 49. Nc2 Qb1 50. Ne3 Qb5 51. Nc2 Qb1 52. Na1 Qd1 53. Nb3 h5 54. Qe3 g5
55. Qc3 Qb1 56. Nc1 Kf8 57. Nd3 Kf7 58. Nc1 Kf8 59. Nb3 Kf7 60. Na1 h4 1/2-1/2

[Event "Aeroflot Open B 2017"]
[Site "Moscow RUS"]
[Date "2017.03.01"]
[Round "9.56"]
[White "Nogueira, Ivan Kuhlmann"]
[Black "Paramzina, Anastasya"]
[Result "1/2-1/2"]
[WhiteTitle "FM"]
[BlackTitle "WFM"]
[WhiteElo "2308"]
[BlackElo "2220"]
[WhiteFideId "2101297"]
[BlackFideId "4165012"]
[EventDate "2017.02.21"]

1. e4 c5 2. Nf3 d6 3. Bb5+ Bd7 4. c4 Nc6 5. d4 cxd4 6. Nxd4 g6 7. Nc3 Bg7 8.
Bxc6 bxc6 9. O-O Nf6 10. c5 O-O 11. cxd6 exd6 12. Bf4 Re8 13. Re1 Ng4 14. Nb3
Qb6 15. Bg3 Be5 16. Qd2 Be6 17. Bxe5 Nxe5 18. Qxd6 Bxb3 19. axb3 Qxb3 20. Qa3
Reb8 21. Na4 Nc4 22. Qc5 Qb5 23. Qe7 Re8 24. Qf6 Rad8 25. Qc3 Rb8 26. Qd4 Na5
27. Qd7 Ra8 28. Qc7 Nc4 29. b3 Ne5 30. Rab1 Nd3 31. Red1 Rad8 32. h4 Qh5 33.
Qxc6 Nf4 34. Rxd8 Rxd8 35. Nc3 Qg4 36. g3 Nh3+ 37. Kg2 Nf4+ 38. Kg1 Nh3+ 39. Kg2
Nf4+ 40. Kg1 Nh3+ 1/2-1/2

[Event "Aeroflot Open B 2017"]
[Site "Moscow RUS"]
[Date "2017.03.01"]
[Round "9.57"]
[White "Makoveev, Ilya"]
[Black "Basencyan, Mark"]
[Result "1-0"]
[WhiteElo "2202"]
[BlackElo "2191"]
[WhiteFideId "34155748"]
[BlackFideId "13300725"]
[EventDate "2017.02.21"]

1. e4 Nc6 2. Nf3 d6 3. d4 Nf6 4. c3 g6 5. Bd3 Bg7 6. Nbd2 O-O 7. O-O e5 8. Re1
Nh5 9. d5 Ne7 10. Nc4 h6 11. g3 Qe8 12. Be2 Nf6 13. Bf1 Nh7 14. Nh4 Ng5 15. f4
exf4 16. gxf4 Nh3+ 17. Bxh3 Bxh3 18. f5 Qb5 19. Ne3 Bf6 20. Nhg2 Bxg2 21. Nxg2
Kh7 22. Qf3 Rae8 23. Qh3 Ng8 24. Nf4 Re5 25. fxg6+ fxg6 26. Ne6 Rf7 27. Bf4 Rh5
28. Qg2 c6 29. Rad1 cxd5 30. exd5 Ne7 31. Bxd6 Nxd5 32. Kh1 Bg7 33. Nxg7 Kxg7
34. Be5+ Nf6 35. Rd5 Qc6 36. Bxf6+ Rxf6 37. Rxh5 Qxg2+ 38. Kxg2 gxh5 39. Re7+
Kg6 40. Rxb7 a6 41. a4 Rd6 42. a5 Rd2+ 43. Kg3 Kg5 44. h4+ Kf5 45. Rb6 Rd3+ 46.
Kf2 Kg4 47. Ke2 Rh3 48. c4 Rxh4 49. c5 Kf5 50. Rxa6 Ke4 51. Rb6 Kd5 52. b4 Rh2+
53. Kf3 Rh3+ 54. Kg2 Rb3 55. a6 h4 56. Rd6+ Ke5 57. a7 Ra3 58. Rd7 Kf5 59. b5
h3+ 60. Kh2 Kg4 1-0